Planeta Tierra.
Uloženo v:
| Hlavní autor: | |
|---|---|
| Další autoři: | |
| Médium: | Neznámo |
| Jazyk: | angličtina |
| Vydáno: |
Santiago, Chile:
Contrapunto,
2020.
|
| Edice: | Colección Vida en la Tierra.
|
| Témata: | |
| Tagy: |
Přidat tag
Žádné tagy, Buďte první, kdo vytvoří štítek k tomuto záznamu!
|
MARC
| LEADER | 00000 a2200000 4500 | ||
|---|---|---|---|
| 003 | CL-VaPUC | ||
| 005 | 20230913173642.0 | ||
| 008 | 230906t2020 ||||| |||| 00| 0 eng d | ||
| 999 | |c 441674 |d 441672 | ||
| 020 | |a 978-956-257-238-5 | ||
| 040 | |c Pontificia Universidad Católica de Valparaíso | ||
| 082 | |2 22 |a 550.071 HEA 2020 | ||
| 100 | |a Heather, Alexander |9 884322 |e autor | ||
| 245 | |a Planeta Tierra. | ||
| 260 | |a Santiago, Chile: |b Contrapunto, |c 2020. | ||
| 300 | |a [15] páginas: |b ilustraciones. | ||
| 490 | |a Colección Vida en la Tierra. | ||
| 500 | |a Con 100 preguntas y 70 solapas para descubrir. | ||
| 583 | |k GC |c 20230906 | ||
| 650 | 0 | |9 375858 |a Planeta tierra |x Sistema solar y continentes |x Geología, desastres naturales, fauna, etc. |x Enseñanza básica | |
| 700 | |9 884495 |a Lozano, Andrés |e ilustraciones | ||
| 942 | |2 ddc |c BK | ||
| 952 | |0 0 |1 0 |2 ddc |4 0 |6 550_071000000000000_HEA_2020 |7 0 |8 A |9 591409 |a BIBEDU |b BIBEDU |c GEN |d 2023-09-01 |e 13 |g 11730.00 |i 5658538 |l 5 |m 1 |o 550.071 HEA 2020 |p 5658538 |r 2024-10-23 |s 2024-10-11 |t 1 |v 11730.00 |w 2023-09-01 |y BK |k PAR | ||